Cien años de vida política /

Na minha lista:
Detalhes bibliográficos
Autor principal: González H, Simeón E.
Formato: Texto
Assuntos:
Tags: Adicionar Tag
Sem tags, seja o primeiro a adicionar uma tag!

MARC

LEADER 00000 a a2200000 04500
001 18441
003
040
100 |a González H, Simeón E.  
245 |a Cien años de vida política /  |c Simeón E. González H 
650 |a PARTIDOS POLITICOS  
650 |a CLASES SOCIALES  
650 |a SOCIEDAD  
773 |g número 114; páginas 129-131  
999 |c 32889  |d 32889